| 000 | 00391nam a2200157Ia 4500 | ||
|---|---|---|---|
| 999 |
_c14189 _d14189 |
||
| 003 | OSt | ||
| 005 | 20260210165930.0 | ||
| 008 | 260210s9999 xx 000 0 und d | ||
| 020 | _a9783966800235 | ||
| 040 | _cBMSCA | ||
| 050 | _a333.77 | ||
| 100 | _aAlbrecht | ||
| 245 | 0 | _aCities Under Pressure: A Design Strategy For Urban Reconstruction | |
| 260 | _bArchi Tangle | ||
| 942 |
_cBPLAN _2ddc |
||